Simulácia petriho sietí pomocou Android aplikácie

Salvato in:
Dettagli Bibliografici
Autore principale: Benčo, Tomáš (Autore)
Altri autori: Képešiová, Zuzana (Relatore della tesi)
Natura: Manoscritto Libro
Lingua:slovacco
Pubblicazione: 2019
Soggetti:
Accesso online:http://is.stuba.sk/zp/portal_zp.pl?podrobnosti=135235
Tags: Aggiungi Tag
Nessun Tag, puoi essere il primo ad aggiungerne!!

MARC

LEADER 00000ntm a22000003a 4500
001 stuzp71558
003 SK-STU
005 20190904115703.0
007 ta
008 150427s2015----xo-----f-mn---000-0-slo-d
040 |a STU  |b slo 
041 0 |a slo 
044 |a xo 
100 1 |a Benčo, Tomáš  |u 035000  |4 aut  |U FEI Fakulta elektrotechniky a informatiky  |T FEI Ústav informatiky a matematiky  |X 86262  |U E050  |Y 816  |7 86262 
242 0 1 |a Petri nets simulation in Android application  |y eng 
245 1 0 |a Simulácia petriho sietí pomocou Android aplikácie 
260 |c 2019 
300 |a 48 s., príl.,  |b CD-ROM 
650 4 |a Android  |2 slo 
650 4 |a vývojové modely  |2 slo 
650 4 |a Petriho siete  |2 slo 
650 4 |a diskrétne udalostné systémy  |2 slo 
650 4 |a simulácia  |2 slo 
650 4 |a Kotlin  |2 slo 
650 4 |a Android  |2 eng 
650 4 |a Petri nets  |2 eng 
650 4 |a development models  |2 eng 
650 4 |a simulation  |2 eng 
650 4 |a Kotlin  |2 eng 
650 4 |a discrete event systems  |2 eng 
700 1 |a Képešiová, Zuzana  |u 030400  |k Z3  |4 ths  |U FEI Fakulta elektrotechniky a informatiky  |T FEI Ústav automobilovej mechatroniky  |X 8785  |U E400  |Y 642  |7 8785 
856 4 |u http://is.stuba.sk/zp/portal_zp.pl?podrobnosti=135235 
996 |b 284ER03072  |c E*Bc- 3072  |l EE35  |s P  |a 0  |w stuzp71558_0001